000 00869nas a2200289 4500
001 BR9500407
003 BR-BrBNA
005 20231205093825.0
007 ta
008 230509b bl.|||p| |||| 00| 00por d
040 _aBR-BrBNA
_bpor
_cBiblioteca Nacional de Agricultura
041 _a(Pt)
072 _aP33; P35
100 1 _aSilva, L.F. da
245 1 _aAlteracoes edaficas provocadas por essencias florestais implantadas em solos de tabuleiro no sul da Bahia
650 _aPinheiro
650 _aGmelina
650 _aJacaranda
650 _aAnalise do Solo
650 _aPH
650 _aFertilidade do Solo
650 _aBahia
773 0 _tRevista Theobroma (Brazil)
_xISSN 0370-7962
_g(Oct-Dec 1988), v. 18(4) p. 259-267
_wBR9500407
856 4 0 _dLink DSPACE/MAPA BR9500407
909 _a202311
_bLúcia
_c55
_dLúcia Elande
942 _2AGRIS
_n0
_cANA
999 _c140588
_d140588